Vplyv Smart technológií na rozpočty miest a obcí diplomová práca

Salvato in:
Dettagli Bibliografici
Autore principale: Oťapka, Matúš
Ente Autore: Fakulta podnikového manažmentu EU. Katedra podnikových financií
Altri autori: Vavrová, Katarína, 1960-
Natura: Libro
Lingua:slovacco
Pubblicazione: Bratislava 2025
Tags: Aggiungi Tag
Nessun Tag, puoi essere il primo ad aggiungerne!!

MARC

LEADER 00000nbm a2200000 4500
001 0309906
005 20260113092122.7
041 0 |a slo 
044 |a SK 
245 1 0 |a Vplyv Smart technológií na rozpočty miest a obcí  |b diplomová práca  |c Matúš Oťapka ; školiteľ: Katarína Vavrová 
264 1 |a Bratislava  |c 2025 
300 |a 83 s. 
100 1 |a Oťapka, Matúš 
700 1 |a Vavrová, Katarína, 1960- 
710 2 |a Fakulta podnikového manažmentu EU. Katedra podnikových financií